000
00298nam a2200133Ia 4500
100
_a
Deopujari/U P
650
_a
General
942
_c
BK
654
_a
Maharashtra Conduct Rules
245
_a
Maharashtra Conduct Rules
260
_b
Nagpur Law House
_a
Nagpur
300
_a
175
546
_a
ENGLISH
999
_c
32448
_d
32448